Hovädzí dobytok a jeho produkcia chov a jeho vývoj z pohľadu zahraničného obchodu

Bibliographic Details
Main Author: Macz, Jozef (Author)
Format: Article
Language:Slovak
PhysicalDescription:Tab.
Subjects:

MARC

LEADER 00000nab a2200000 a 4500
001 vtls000688343
003 SK-MaSNL
005 20260426072050.0
008 180206c1999 xo 0 slo
015 |a SNBRB1999/03-05212 
035 |a CLN000040510 
040 |a SNKBUCL  |b slo  |c SNKBUCL  |e AACR2 
041 0 |a slo 
044 |a xo  |c SK 
080 |a 636.2(437.6):339.5  |2 UDC-MRF-SK2 
080 |a 339.5(437.6)  |2 UDC-MRF-SK2 
100 1 |a Macz, Jozef  |4 aut  |9 805260 
245 1 0 |a Hovädzí dobytok a jeho produkcia  |b chov a jeho vývoj z pohľadu zahraničného obchodu  |c Jozef Macz 
300 |b Tab. 
648 7 |a 1998  |2 SNK  |9 282348 
650 0 7 |a zahraničný obchod  |2 SNKPH  |9 2200 
650 0 7 |a chov hovädzieho dobytka  |2 SNKPH  |9 57341 
650 0 7 |a hovädzí dobytok  |2 SNKPH  |9 2818 
650 0 7 |a úžitkovosť  |2 SNK  |9 266992 
651 7 |a Slovensko  |2 SNKPHgeo  |9 14231 
655 7 |a články z novín a časopisov  |2 SNK  |9 267496 
773 0 |t Roľnícke noviny  |g Č. 40 (1.3.1999) 
773 0 |t [Príl.] Živočíšna výroba  |g S. 1-2 
850 |a Slovenská národná knižnica v Martine 
852 |a SNK  |b KIS3GCP 
958 |a RBX 
999 |c 2684821  |d 2686751